یوسف و زلیخا / (Record no. 239336)
[ view plain ]
| 000 -LEADER | |
|---|---|
| fixed length control field | 00498nam a22001817a 4500 |
| 003 - CONTROL NUMBER IDENTIFIER | |
| control field | BD-DhUL |
| 005 - DATE AND TIME OF LATEST TRANSACTION | |
| control field | 20180315161550.0 |
| 008 - FIXED-LENGTH DATA ELEMENTS--GENERAL INFORMATION | |
| fixed length control field | 180315b xx ||||| |||| 00| 0 per d |
| 040 ## - CATALOGING SOURCE | |
| Original cataloging agency | BD-DhUL |
| Transcribing agency | BD-DhUL |
| 082 ## - DEWEY DECIMAL CLASSIFICATION NUMBER | |
| Classification number | 891.551 |
| Item number | JAY |
| 100 3# - MAIN ENTRY--PERSONAL NAME | |
| Personal name | جامی۔ |
| 245 0# - TITLE STATEMENT | |
| Title | یوسف و زلیخا / |
| Statement of responsibility, etc. | جامی۔ |
| 246 ## - VARYING FORM OF TITLE | |
| Title proper/short title | Yusuf wa Zulaikha |
| 260 ## - PUBLICATION, DISTRIBUTION, ETC. (IMPRINT) | |
| Place of publication, distribution, etc. | ممبی : |
| Name of publisher, distributor, etc. | مطبع طیبیٔ، |
| Date of publication, distribution, etc. | ۱۹۲۲۔ |
| 300 ## - PHYSICAL DESCRIPTION | |
| Extent | ص۔ ۱۹۵ ؛ |
| Dimensions | ۲۱ سم۔ |
| 650 #0 - SUBJECT ADDED ENTRY--TOPICAL TERM | |
| Topical term or geographic name as entry element | persian poetry. |
| 942 ## - ADDED ENTRY ELEMENTS (KOHA) | |
| Source of classification or shelving scheme | |
| Koha item type | Books |
| Price effective from | Source of acquisition | Date last seen | Permanent Location | Not for loan | Date acquired | Source of classification or shelving scheme | Koha item type | Barcode | Lost status | Damaged status | Shelving location | Withdrawn status | Current Location | Full call number |
|---|---|---|---|---|---|---|---|---|---|---|---|---|---|---|
| 2018-03-15 | Purchased | 2018-03-15 | Dhaka University Library | 1922-08-21 | Books | 6154(D) | General Stacks | Dhaka University Library | 891.551 JAY |
